Process control instrumentation technology (Record no. 1265)

MARC details
000 -LEADER
Fixed length control field 00466nam a2200169 4500
003 - CONTROL NUMBER IDENTIFIER
Control field SEACOMEC
005 - DATE AND TIME OF LATEST TRANSACTION
Control field 20240531133848.0
008 - FIXED-LENGTH DATA ELEMENTS--GENERAL INFORMATION
Fixed length control field 240531b |||||||| |||| 00| 0 eng d
020 ## - INTERNATIONAL STANDARD BOOK NUMBER / ISBN
International Standard Book Number 8120330293
Price 275.00
040 ## - CATALOGING SOURCE
Original cataloging agency SEACOMEC
082 ## - DEWEY DECIMAL CLASSIFICATION NUMBER
Classification number 660.283
Book Number J66
100 ## - MAIN ENTRY--PERSONAL NAME
Personal name Johnson, Curtis D
245 ## - TITLE STATEMENT
Title Process control instrumentation technology
Statement of responsibility Curtis D Johnson,
260 ## - IMPRINT
Place of publication New Delhi : Prentice Hall, 2002
650 ## - SUBJECT ADDED ENTRY--TOPICAL TERM
Topical term Chemical Engineering
942 ## - ADDED ENTRY ELEMENTS (KOHA)
Koha item type Books
Holdings
Withdrawn status Lost status Source of classification Damaged status Not for loan Home library Current library Date acquired Total Checkouts Call number Accession number Date last seen Price effective from Koha item type
    Dewey Decimal Classification     SEACOM ENGINEERING COLLEGE SEACOM ENGINEERING COLLEGE 31/05/2024   660.283 J66 5537 31/05/2024 31/05/2024 Books
© Seacom Engineering College, All rights reserved.      Powered by Koha